000 00391nam a2200145 i 4500
001 128763
003 ES-MaACL
007 t|
008 070524s1974 fr ||||1| fre d
100 1 _aTavernier, René.
_9109423
245 1 4 _aLes maudits de la Lande /
_cRené Tavernier.
260 _a[París :
_bRombaldi,
_c1974]
300 _a251 p. ;
_c20 cm.
852 _aES-MaACL
_jE-6899
_bR.91461
999 _c128763
_d128763